000 00229 a2200097 4500
001 12943
100 _aBindra,Dr.J.S
245 _aA text book of Applied mathamatics-II
260 _a
_bS.K. Kataria & Son
_c
090 _c9935
_d9935
942 _aNUST-CAE
_cM
_c36861
999 _c248016
_d248016